000 00752nam a2200277Ia 4500
005 20260324111951.0
008 008 260324s9999 xx 000 0 eng d
020 _a9781003583097
037 _aEBOOK
040 _aCRL
040 _beng
040 _cCRL
041 _2eng
041 _aeng
084 _qCRL
100 _aFulvio M. Palombino; Donato Greco; Giuliana Lampo; Caterina Milo; Domenico Pauciulo; Pierfrancesco Rossi; Ester Ferriello
_91140751
245 0 _aIntroduction to International Economic Law
260 _bTaylor and Francis
260 _c2025
365 _a
365 _b230
856 _uhttp://www.taylorfrancis.com/books/9781003583097
942 _cEBOOK
999 _c1729763
_d1729763